000 00625cam a22002293a 4500
001 15292
003 PGUSA
005 20140828083328.0
008 050308s2005||||xxu|||||s|||||000 1 eng d
040 _aPGUSA
_beng
042 _adc
050 4 _aPT
100 1 _aRoos, Mathilda,
_d1852-1908
245 1 0 _aKatri Holm :
_bKertomus äideille
_h[electronic resource] /
_cMathilda Roos
260 _bProject Gutenberg,
_c2005
506 _aPublic domain in the USA.
516 _aElectronic text
653 _aFiction
830 0 _aProject Gutenberg
_v15292
856 4 0 _uhttp://www.gutenberg.org/ebooks/15292
942 _cEB
999 _c244547
_d244547